| 000 | 01169cam a2200217 4500 | ||
|---|---|---|---|
| 001 | WB3915-10 | ||
| 008 | 030415n2003 000 0 eng u | ||
| 035 | _a(Sirsi) u121990 | ||
| 245 | _aHigh quality house building pledge | ||
| 260 | _c2003 | ||
| 490 |
_aCABE Press Release _v7 April 2003 (3) |
||
| 520 | _aBuilding for Life, a joint initiative between CABE, HBF and the Civic Trust, has launched a manifesto committing house builders to high quality housing schemes that complement and enhance local character and to setting a new standard for the industry. It promotes change within the house building industry and is a timely statement of purpose following on the government's recent communities plan The manifesto is available at http://www.buildingforlife.org/nvFVNF-pfkl=0j0M04Py0ow/resources.html. http://www.cabe.org.uk/Fl7xI6RC-W6=b793MrrXRFg/news/press/press_release.html?press_release_id=225 | ||
| 590 | _aWB | ||
| 650 | _aSUSTAINABLE COMMUNITIES: BUILDING FOR THE FUTURE | ||
| 650 | _aHOUSE BUILDING | ||
| 650 | _aQUALITY BUILDINGS | ||
| 650 | _aPROCUREMENT PROCESS | ||
| 650 | _aDESIGN QUALITY | ||
| 690 | _aHOUSING-DEVELOPMENT | ||
| 942 | _n0 | ||
| 999 |
_c72494 _d72494 |
||